| 000 | 00389nam a2200157Ia 4500 | ||
|---|---|---|---|
| 008 | 160316s9999 xxu||||| |||| 00| 0 eng d | ||
| 082 |
_a341.481000 _bMAY |
||
| 100 | _a | ||
| 245 | _aTo address the rights and responsibilities of all children and youth | ||
| 250 | _a | ||
| 260 |
_aBangalore _bMAYA _c0 |
||
| 300 |
_a28 _b _c |
||
| 365 | _b | ||
| 650 | _aChildren, rights | ||
| 700 |
_a _a |
||
| 999 |
_c33084 _d33084 |
||